Quizzes
Events
Quiz Creation
Community
Videos
Private Events
Remove Ads
Sign In
Join for FREE
Feedback
Dark Mode
Quiz Categories
Sports
Geography
Music
Movies
Television
Just For Fun
Miscellaneous
History
Literature
Language
Science
Gaming
Entertainment
Religion
Holiday
For Kids
Quiz Lab
Recent
Popular Today
Quiz Kudos Today
Editor Picks
Curator Picks
Quizzes by...
Day
Popularity
Type
Ratings
Length
Year
Community
Subscriptions
Recent Discussions
Orange Saloon
Badges
Playlists
Quests
Create
Leaderboards
Showdown
Live 5
Trivia Bingo
Activity
Puzzle Library
Sporcle Events
Private Events
Virtual Trivia
Globe League
Become a Host
Pub Owners
SporcleCon
Opinionation
Our Games
Videos
Blog
Mobile Apps
Partnerships
Remove Ads and Go Orange
Feedback
Movies
Disney
Marvel Cinematic Universe
Movie Resume
Movie Titles
Oscar
Actor
Actress
Director
Pixar
Role
Movie Quotes
Movie Characters
Box Office
Nominee
Best Picture
Star Wars
James Bond
Horror Movies
Movies
Disney
Marvel Cinematic Universe
Movie Resume
Movie Titles
Oscar
Actor
Actress
Director
Pixar
Role
Movie Quotes
Movie Characters
Box Office
Nominee
Best Picture
Star Wars
James Bond
Horror Movies
Random Quiz
Search Sporcle
×
Quiz Lab
Quiz Lab
Movies
Actress
Type in answers that appear in a list
Type in answers that appear in a list
Classic
Best Score? Go Orange.
The Hunger Games cast by other roles Stats
Can you name the The Hunger Games characters/actors given the cast members' other roles?
By
Yacht
6m
20 Questions
62 Plays
62 Plays
62 Plays
Comments
Comments
Give Quiz Kudos
Give Quiz Kudos
-
- Ratings
hide this ad
More Info
Forced Order
Answers have to be entered in order
Answers have to be entered in order
Random Order
Randomize order of answers
Randomize order of answers
Replay
Link that replays current quiz
Next Quiz
Link to next quiz in quiz playlist
You Got
0%
They Got
Avg Score
25%
Avg Friend Score
Upgrade to see
Score Distribution
Jump to the score distribution portion of the page
Score
0/20
Timer
06:00
0
Plays Today
Other roles
Actor
% Correct
Tiffany, Joy, Rosalyn Rosenfeld
Jennifer Lawrence
64.5%
Truman Capote, Brendan Flynn, Lancaster Dodd
Philip Seymour Hoffman
53.2%
Larry Flynt, Tallahassee, Steve Schmidt
Woody Harrelson
43.5%
Sara Price, Margaery Tyrell, Anne Boleyn
Natalie Dormer
38.7%
Sean Anderson, Jess Aarons, Laser
Josh Hutcherson
37.1%
Clark Clifford, Hawkeye Pierce, Calvin
Donald Sutherland
33.9%
Gail, Miri, Melinda Ledbetter
Elizabeth Banks
33.9%
Felix Leiter, Belize, Jean Michel Basquiat
Jeffrey Wright
33.9%
Alice Howland, Cathy Whitaker, Sarah Palin
Julianne Moore
32.3%
Philip, Alex Stewart, William
Sam Claflin
24.2%
Other roles
Actor
% Correct
Will Blakelee, Dwayne McLaren, Adam Cassidy
Liam Hemsworth
22.6%
Mary McGuire, Lilly Kate Burns, Rocket
Jena Malone
21%
Ricky Fitts, Thomas, Jack Durrance
Wes Bentley
19.4%
George Harvey, Adolf Eichmann, Walter Winchell
Stanley Tucci
17.7%
Foggy Nelson, Lenny, Gunnars
Elden Henson
12.9%
Will Stanton, Björn Lothbrok, Seth
Alexander Ludwig
11.3%
Calvin Willis, Richard Tyler, Kofi
Mahershala Ali
8.1%
Trixie, Abby Donovan, Tallulah
Paula Malcomson
4.8%
Lucy Cross, Annalee Monegan, Barbara Kammerer
Stef Dawson
3.2%
Tariq Mahdi, Julie Robinson, Dre
Evan Ross
3.2%
Quiz Playlist
Details
Report
Send in Message
Add To Playlist
More Info:
Three roles from each are listed. The cast member can be from any of the four The Hunger Games movies.
Classic:
Type in answers that appear in a list
Forced Order:
Answers have to be entered in order
Random Order:
Randomize order of answers
Quiz Source
Last Updated: Feb 16, 2017
Quiz Scoreboard
CHALLENGE
Sign Up to Join the Scoreboard
Show All
Scores
Hide
Comments
May contain spoilers
Recently Published
9x9 Crossword: Cartoon Network
by jackfrog10
Miscellaneous
3m
College Basketball Coaching Resumes
by pancakes188
Sports
9m
Billboard Blitz: Fleetwood Mac
by CooCooCachoo
Music
15s
More to Explore
Quiz From the Vault
Featured Blog Post
Where Did the Easter Bunny Come From?
hide this ad
You Might Also Like...
Tags
Actor Quiz
Actress Quiz
Cast Quiz
The Hunger Games Quiz
Catching Fire
Katniss Everdeen
Mockingjay
Today's Top Quizzes in Movies
Browse Movies
hide this ad
Today's Top Quizzes in Actress
Browse Actress
Top Contributed Quizzes in Movies
1
Pick 5 Posters: Directed by Spielberg
2
7-to-1: Pixar Characters
3
Pick 5 Posters: Lowest-Rated Spielberg
4
Hidden Star Wars Character II
5
Sorting Actors
6
Sorting Actresses
7
Pick 5 Posters: Directed by Scorsese
8
Hidden Star Wars Character III
9
Pick 5 Posters: Star & Director
10
Hidden Star Wars Character IV
Explore More
Trending Topics
NBA
Disney
Kpop
Marvel
Crossword
Anime
Harry Potter
Puzzle
Song
WWE
Soccer
NFL
The Office
Pokémon
Country
hide this ad
More By:
Yacht
Quiz
Plays
Rating
Category
Featured
Created
Olympics Sorting Blitz
702,647
3.91
Sports
Jan 28, 2016
Netflix Originals by Characters
62,438
4.43
Television
Apr 6, 2016
Quick Pick: Seven Sins by Definition
18,978
4.58
Just For Fun
Feb 23, 2016
Quick Pick: Coffee vs. Tea
12,925
4.46
Just For Fun
Apr 7, 2016
Kpop groups by debut (pictures)
11,844
4.46
Music
Jan 21, 2016
Go to Creator's Profile
Score Distribution
Quiz Creator Spotlight
Yacht
Follow
Send a Message
Quizzes Created
-
Created Quiz Play Count
-
More By This Creator
Popular Quizzes Today
1
Find the US States - No Outlines Minefield
2
Find the Countries of Europe - No Outlines Minefield
3
The Countries of the World
4
Find the US States
5
Risky Map Clicking: Biggest States A-Z
6
US States
7
Popular People in 1961
8
Movies - When Are They Set?
More Movies Quizzes
Movie Franchise Character Image Sorting VIII
Published
Trending Quizzes
Risky Map Clicking: Least Populous States A-Z
1-10 Letter G Words
Risky Map Clicking: Next State Alphabetically
Adjectives in 80s TV Shows
The Seven Year Switch: Catherine
Recently Updated
Leaping Animals
pecheneg
Reality TV Shows (A-Z)
bhenderson79
Rickey Henderson's Hall of Fame Teammates
pecheneg
Champions League XIs: Arsenal
pecheneg
Quick Pick: Celebrities in WWE's Hall of Fame
aduchscher
A-Z Keypad Blitz II
pecheneg
Multiple Oscar Actors
pecheneg
Mystery Phrase Blitz: Oscar 'Best Actors'
pecheneg
F. Scott Fitzgerald Novels
LTH
Pick 3 Villains
ddd62291
Trending Topics
Kpop
NBA
Anime
Harry Potter
Marvel
Crossword
Disney
WWE
Soccer
Puzzle
Song
The Office
Pokémon
NFL
Country
Your Account Isn't Verified!
In order to create a playlist on Sporcle, you need to verify the email address you used during registration. Go to your
Sporcle Settings
to finish the process.
Report this User
Report this user for behavior that violates our
Community Guidelines
.
Details:
Send Report
Go to the Sporcle.com Mobile Site →
Comments